| 000 | 00704nam a2200217 i 4500 | ||
|---|---|---|---|
| 001 | 19064 | ||
| 003 | ES-MaACL | ||
| 005 | 20230906152005.0 | ||
| 007 | t| | ||
| 008 | 020603s1992 sp ||||1| spa d | ||
| 080 | _a929 Balan, Stefan | ||
| 100 | 1 |
_aGarcía-Diego, José A. _954541 |
|
| 245 | 1 | 0 |
_aStefan Balan (1913-1992) / _cJosé A. García-Diego. |
| 260 |
_aMadrid : _bFundación Juanelo Turriano, _c1992. |
||
| 300 |
_a[4] p. : _bil. ; _c21 cm. |
||
| 500 | _aTexto en castellano e inglés. | ||
| 595 | _aPublicado en Llull, Zaragoza, Vol. 15, 1992, pp. 218-220. | ||
| 600 | 1 | 4 |
_aBalan, Stefan. _924816 |
| 710 | 2 |
_aFundación Juanelo Turriano. _94352 |
|
| 852 |
_aES-MaACL _j2168-F-12 _bR.121765 |
||
| 999 |
_c19064 _d19064 |
||